00890 am a2200229 a 450000500170000000800410001702000150005804100080007310000230008124500500010425001070015426000390026130000160030050000870031665300570040365300350046065300590049565300310055465300180058565300180060365300390062120231226124506.0100624s1996||||mx a f |||| 001 0 spa d a9684267207 aspa1 aGanong, William F. aFisiología médica / cWilliam F. Ganong. a15a ed. de la 17a ed. en inglésbTraducción C. Eduardo Cazacuberta Zaffaroni y Jorge Mérigo Jane aMéxico: bManual Moderno;c1996. a962 p.bil. aGanong, W. F. (1996). Fisiología médica. (15a ed.). México : Manual Moderno. aFisiología de las células nerviosas y musculares aFunciones del sistema nervioso aEndocrinología, metabolismo y función reproductora aFunción gastrointestinal aCirculación aRespiración aFormación y excreción de orina